In Which Star Wars Movie? Scene Click Quiz - Statistics

General Stats
  • This quiz has been taken 326 times
  • The average score is 21 of 24
Answer Stats
Hint Answer % Correct
Episode III

Revenge of the Sith
95%
Episode I

The Phantom Menace
94%
Episode I

The Phantom Menace
94%
Episode IV

A New Hope
94%
Episode II

Attack of the Clones
93%
Episode VI

Return of the Jedi
93%
Episode V

The Empire Strikes Back
92%
Episode VI

Return of the Jedi
91%
Episode IX

The Rise of Skywalker
91%
Episode II

Attack of the Clones
90%
Episode V

The Empire Strikes Back
90%
Episode VII

The Force Awakens
90%
Episode IV

A New Hope
88%
Episode II

Attack of the Clones
86%
Episode III

Revenge of the Sith
86%
Episode III

Revenge of the Sith
84%
Episode VII

The Force Awakens
84%
Episode VIII

The Last Jedi
84%
Episode I

The Phantom Menace
81%
Episode V

The Empire Strikes Back
81%
Episode VIII

The Last Jedi
81%
Episode IX

The Rise of Skywalker
81%
Episode IV

A New Hope
79%
Episode VI

Return of the Jedi
77%
No matching quizzes found
Score Distribution
Percent of People with Each Score
Percentile by Number Answered
Your Score History
You have not taken this quiz